Every Pistol in Fortnite - Statistics

General Stats
  • This quiz has been taken 16 times
  • The average score is 8 of 23
Answer Stats
Picture Answer % Correct
Revolver
91%
Dual Pistols
82%
Hand Cannon
73%
Six Shooter
64%
Primal Pistol
55%
Combat Pistol
45%
Flint-Knock Pistol
45%
Mammoth Pistol
45%
Scoped Revolver
45%
Lock On Pistol
36%
Makeshift Revolver
36%
Semi-Auto Pistol
36%
Shadow Tracker
27%
Dual Suppressed Pistols
18%
Hop Rock Dualies
18%
Monarch Pistol
18%
Night Hawk
18%
Ranger Pistol
9%
Semi-Auto Suppressed Pistol
9%
Tactical Pistol
9%
Deadpool's Dual Hand Cannons
0%
Marksman Six Shooter
0%
Sidearm Pistol
0%
No matching quizzes found
Score Distribution
Percent of People with Each Score
Percentile by Number Answered
Your Score History
You have not taken this quiz